000 00307nam a22001337a 4500
008 170706b xxu||||| |||| 00| 0 eng d
020 _a9783446191730
041 _aeng
080 _a82
100 _a22
101 _aGJL
245 _aMODERN ENGLISH TRAINING FOR INDUSTRY
_cZURL.K.J
942 _2udc
_cBK
999 _c20003
_d20003